000 00931nam a2200265 4500
001 178177
003 ES-MaACL
005 20230902131029.0
008 110520s2008 sp |||| | spa d
020 _a978-84-9742-814-9
080 _a1 Popper, Karl Raimund
245 0 0 _aContrastando a Popper /
_cÁngeles J. Perona (ed.) ; Hans Albert ... [et al.].
260 _aMadrid :
_bBiblioteca Nueva,
_c[2008]
300 _a297 p. ;
_c21 cm.
490 1 _aRazón y sociedad ;
_v79
504 _aReferencias bibliográficas.
600 1 7 _aPopper, Karl Raimund-
_xCrítica e interpretación.
_993109
700 1 _aPerona, Angeles J.
_991320
700 1 _aAlbert, Hans.
_919309
830 0 _aRazón y sociedad ;
_v79
_9180621
852 _aES-MaACL
_9185036
_bR.145538
_jA-11219
_dOlim: N-4223
_cDEPO1
_xDonación: Editorial
942 _2udc
_cMONOGRAFIA
999 _c178177
_d178177